Advanced course in yogi philosophy and Oriental occultism / (Record no. 288495)
[ view plain ]
| 000 -LEADER | |
|---|---|
| fixed length control field | 00650cam a2200217u 4500 |
| 001 - CONTROL NUMBER | |
| control field | 9239936 |
| 003 - CONTROL NUMBER IDENTIFIER | |
| control field | PILC |
| 005 - DATE AND TIME OF LATEST TRANSACTION | |
| control field | 20150826085822.0 |
| 008 - FIXED-LENGTH DATA ELEMENTS--GENERAL INFORMATION | |
| fixed length control field | 810213s1931 ilu 000 0 eng |
| 010 ## - LIBRARY OF CONGRESS CONTROL NUMBER | |
| LC control number | 37006450 |
| 040 ## - CATALOGING SOURCE | |
| Original cataloging agency | DLC |
| Transcribing agency | CarP |
| Modifying agency | DLC |
| 050 00 - LIBRARY OF CONGRESS CALL NUMBER | |
| Classification number | BF 1999 |
| Item number | .R165 1966 |
| 100 0# - MAIN ENTRY--PERSONAL NAME | |
| Personal name | Ramacharaka, |
| Titles and other words associated with a name | Yogi, |
| Dates associated with a name | 1862-1932. |
| 245 10 - TITLE STATEMENT | |
| Title | Advanced course in yogi philosophy and Oriental occultism / |
| Statement of responsibility, etc | Yogi Ramacharaka. |
| 260 ## - PUBLICATION, DISTRIBUTION, ETC. (IMPRINT) | |
| Place of publication, distribution, etc | Chicago, Ill., |
| Name of publisher, distributor, etc | The Yogi publication society, |
| Date of publication, distribution, etc | 1966. |
| 300 ## - PHYSICAL DESCRIPTION | |
| Extent | 280 pages ; |
| Dimensions | 18 cm. |
| 650 #0 - SUBJECT ADDED ENTRY--TOPICAL TERM | |
| Topical term or geographic name as entry element | Occultism. |
| 650 #0 - SUBJECT ADDED ENTRY--TOPICAL TERM | |
| Topical term or geographic name as entry element | Yoga. |
| 906 ## - LOCAL DATA ELEMENT F, LDF (RLIN) | |
| a | 0 |
| b | cbc |
| c | premunv |
| d | u |
| e | ncip |
| f | 19 |
| g | y-gencatlg |
| 942 ## - ADDED ENTRY ELEMENTS (KOHA) | |
| Source of classification or shelving scheme | Library of Congress Classification |
| Koha item type | Books |
| Withdrawn status | Lost status | Source of classification or shelving scheme | Damaged status | Home library | Current library | Shelving location | Date acquired | Source of acquisition | Total Checkouts | Full call number | Barcode | Date last seen | Price effective from | Koha item type |
|---|---|---|---|---|---|---|---|---|---|---|---|---|---|---|
| Library of Congress Classification | Archives | Archives | 08/26/2015 | Donation | BF 1999 .R165 1966 | C19794 | 05/15/2018 | 08/26/2015 | Books |